[Event "Bamberg op 4th"]
[Site "Bamberg"]
[Date "2022.07.28"]
[Round "2"]
[White "Wendler, David"]
[Black "Stabolewski, Andreas"]
[Result "1/2-1/2"]
[WhiteElo "2299"]
[BlackElo "2096"]
[PlyCount "95"]
[EventDate "2022.07.27"]
[EventType "swiss"]
[EventRounds "9"]
[EventCountry "GER"]
[SourceTitle "EXT 2023"]
[Source "ChessBase"]
[SourceDate "2022.10.05"]
[SourceVersion "1"]
[SourceVersionDate "2022.10.05"]
[SourceQuality "1"]

1. e4 c5 2. c3 d5 3. exd5 Nf6 4. d4 Nxd5 5. Bc4 e6 6. Nf3 cxd4 7. cxd4 Be7 8. 0-0 0-0 9. Nc3 Nxc3 10. bxc3 Qc7 11. Qe2 Nd7 12. Bd2 b6 13. Bd3 Bb7 14. a4 Bd6 15. Rfe1 Bf4 16. Bxf4 Qxf4 17. Qe3 Qxe3 18. fxe3 Rac8 19. c4 Rfd8 20. a5 Bxf3 21. gxf3 Ne5 22. dxe5 Rxd3 23. axb6 axb6 24. Rab1 g5 25. Rb4 Kg7 26. Kf2 Rc3 27. Rxb6 R8xc4 28. Rg1 Rc2+ 29. Kg3 Kg6 30. Rb7 Re2 31. h4 Rxh4 32. f4 h6 33. Kf3 Rhh2 34. Ra7 Rhf2+ 35. Kg3 g4 36. Kxg4 Rxe3 37. Kh4+ Kf5 38. Rxf7+ Ke4 39. Kg4 h5+ 40. Kg5 h4 41. Rg4 h3 42. Kf6 h2 43. Rh7 Rxf4+ 44. Rxf4+ Kxf4 45. Rxh2 Rxe5 46. Rh4+ Kg3 47. Kxe5 Kxh4 48. Kxe6 1/2-1/2

[Event "Oberliga Wuerttemberg 1920"]
[Site "Wuerttemberg"]
[Date "2020.03.01"]
[Round "8.5"]
[White "Jelica, Mara"]
[Black "Wendler, David"]
[Result "0-1"]
[WhiteElo "2106"]
[BlackElo "2105"]
[PlyCount "86"]
[EventDate "2019.09.15"]
[EventType "team-tourn"]
[EventRounds "9"]
[EventCountry "GER"]
[SourceTitle "EXT 2021"]
[Source "ChessBase"]
[SourceDate "2020.10.23"]
[SourceVersion "1"]
[SourceVersionDate "2020.10.23"]
[SourceQuality "1"]
[WhiteTeam "Deizisau"]
[BlackTeam "Bebenhausen"]
[WhiteTeamCountry "GER"]
[BlackTeamCountry "GER"]

1. d4 Nf6 2. Bg5 c5 3. d5 Qb6 4. Nc3 g6 5. Qd2 Bg7 6. e4 Qxb2 7. Rb1 Nxe4 8. Rxb2 Bxc3 9. Qxc3 Nxc3 10. d6 f6 11. Bh6 Kf7 12. Bc4+ e6 13. Be3 Nc6 14. Rb3 Ne4 15. Bd3 c4 16. Bxc4 Nxd6 17. Bd3 Nf5 18. Bd2 d5 19. h4 Nd6 20. h5 g5 21. Ne2 e5 22. Ng3 Be6 23. 0-0 Rac8 24. Rfb1 Rc7 25. f3 b6 26. Ra3 Kg7 27. Ne2 Kh6 28. Ng3 Rd8 29. Ra4 f5 30. Kf2 e4 31. fxe4 dxe4 32. Re1 Bd5 33. c4 Bf7 34. Bb1 f4 35. Bxf4 gxf4 36. Nxe4 Nxc4 37. Nf6 Rd2+ 38. Kg1 a5 39. Ne8 Rc8 40. Bf5 Rxe8 41. Rxe8 Bxe8 42. Rxc4 Nd4 43. Be4 Bxh5 0-1

[Event "Oberliga Wuerttemberg 1920"]
[Site "Wuerttemberg"]
[Date "2019.11.10"]
[Round "3.5"]
[White "Wendler, David"]
[Black "Mueller, Ralf1111"]
[Result "1-0"]
[WhiteElo "2105"]
[BlackElo "2316"]
[PlyCount "77"]
[EventDate "2019.09.15"]
[EventType "team-tourn"]
[EventRounds "9"]
[EventCountry "GER"]
[SourceTitle "EXT 2021"]
[Source "ChessBase"]
[SourceDate "2020.10.23"]
[SourceVersion "1"]
[SourceVersionDate "2020.10.23"]
[SourceQuality "1"]
[WhiteTeam "Bebenhausen"]
[BlackTeam "Boeblingen"]
[WhiteTeamCountry "GER"]
[BlackTeamCountry "GER"]

1. e4 e5 2. Nf3 Nc6 3. Bb5 Nf6 4. d3 Bc5 5. c3 0-0 6. 0-0 d6 7. Bg5 h6 8. Bh4 g5 9. Bg3 Nh5 10. d4 Bb6 11. Nxe5 Nxg3 12. Nxc6 bxc6 13. Bxc6 Nxf1 14. Bxa8 Ba6 15. Bc6 Qf6 16. a4 d5 17. exd5 Qf4 18. g3 Qf5 19. Nd2 Nxh2 20. a5 Bxd4 21. cxd4 Qh3 22. b4 Bc8 23. d6 Bg4 24. Bg2 Qh5 25. f3 Bc8 26. g4 Bxg4 27. fxg4 Nxg4 28. Ra3 Qh2+ 29. Kf1 Qf4+ 30. Nf3 cxd6 31. Qd2 Qg3 32. Rc3 Nf6 33. Ne5 Qh4 34. Rh3 Ne4 35. Qe3 Ng3+ 36. Qxg3 Qxd4 37. Nd3 Kg7 38. Qe3 Qa1+ 39. Qc1 1-0

[Event "Oberliga Wuerttemberg 1819"]
[Site "Wuerttemberg"]
[Date "2019.02.17"]
[Round "7"]
[White "Hosticka, Frantisek"]
[Black "Wendler, David"]
[Result "0-1"]
[WhiteElo "2087"]
[BlackElo "2156"]
[PlyCount "112"]
[EventDate "2018.09.23"]
[EventType "team-tourn"]
[EventRounds "9"]
[EventCountry "GER"]
[SourceTitle "EXT 2020"]
[Source "ChessBase"]
[SourceDate "2019.10.17"]
[SourceVersion "1"]
[SourceVersionDate "2019.10.17"]
[SourceQuality "1"]
[WhiteTeam "Weiler im Allgaeu"]
[BlackTeam "Bebenhausen"]
[WhiteTeamCountry "GER"]
[BlackTeamCountry "GER"]

1. e4 c5 2. b3 g6 3. Bb2 Nf6 4. e5 Nd5 5. Nc3 Nxc3 6. Bxc3 Bg7 7. Bc4 0-0 8. Nf3 Nc6 9. 0-0 d5 10. exd6 Qxd6 11. Bxg7 Kxg7 12. h3 f6 13. Bb5 Nd4 14. Nxd4 cxd4 15. f4 Bf5 16. Qe2 Rac8 17. Bd3 Bd7 18. a4 Rfe8 19. Qf2 e5 20. fxe5 Rxe5 21. Qh4 Bc6 22. Rf4 Rg5 23. Rg4 Rxg4 24. Qxg4 Re8 25. Rf1 Re5 26. Qf4 f5 27. Qg3 Qe6 28. Qf2 Qd5 29. Bc4 Qc5 30. Kh1 Bxa4 31. c3 d3 32. bxa4 Qxc4 33. Qxa7 Qd5 34. Rb1 Re2 35. Qxb7+ Qxb7 36. Rxb7+ Kf6 37. Rb2 Kg5 38. Ra2 Kh4 39. Kh2 f4 40. a5 f3 41. Ra4+ Kg5 42. Kg1 Rxg2+ 43. Kf1 Rxd2 44. a6 Rc2 45. a7 d2 46. Rd4 Ra2 47. Rxd2 Rxa7 48. Kf2 Kh4 49. Kxf3 Kxh3 50. Rd1 Rf7+ 51. Ke4 g5 52. c4 g4 53. Rh1+ Kg2 54. Rh5 g3 55. c5 Kf1 56. c6 g2 0-1

[Event "Youth District Germany"]
[Site "Wuerzburg"]
[Date "2018.10.05"]
[Round "4.1"]
[White "Wendler, David"]
[Black "Pfreundt, Jakob"]
[Result "0-1"]
[WhiteElo "2156"]
[BlackElo "2388"]
[PlyCount "80"]
[EventDate "2018.10.02"]
[EventType "team-swiss"]
[EventRounds "7"]
[EventCountry "GER"]
[SourceTitle "CBM 186 Extra"]
[Source "ChessBase"]
[SourceDate "2018.08.24"]
[SourceVersion "1"]
[SourceVersionDate "2018.08.24"]
[SourceQuality "1"]
[WhiteTeam "Wuerttemberg U20 II"]
[BlackTeam "Hamburg U20"]
[WhiteTeamCountry "GER"]
[BlackTeamCountry "GER"]

1. e4 d5 2. exd5 Qxd5 3. Nc3 Qd8 4. d4 Nf6 5. Nf3 g6 6. Bc4 Bg7 7. 0-0 0-0 8. Re1 Nc6 9. Bg5 h6 10. Bf4 Nh5 11. Be5 Nxe5 12. dxe5 Nf4 13. Re4 Ne6 14. Qe2 c6 15. Rd1 Qb6 16. Bb3 Nc5 17. Na4 Nxa4 18. Rxa4 c5 19. Qe3 Bf5 20. h3 Rad8 21. Rxd8 Rxd8 22. g4 Bd7 23. Rc4 Rc8 24. Qf4 Be6 25. Re4 c4 26. Bxc4 g5 27. Bxe6 gxf4 28. Bxc8 Qc6 29. Bf5 e6 30. Nd4 Qc8 31. c3 h5 32. Kg2 Qd7 33. Kf3 Bh6 34. h4 b5 35. g5 exf5 36. Rxf4 Qd5+ 37. Kg3 Bg7 38. Rxf5 Qe4 39. f4 Qe3+ 40. Nf3 Qd3 0-1

[Event "Youth District Germany"]
[Site "Wuerzburg"]
[Date "2018.10.03"]
[Round "2.1"]
[White "Wendler, David"]
[Black "Leeb, Simon"]
[Result "1-0"]
[WhiteElo "2156"]
[BlackElo "2203"]
[PlyCount "129"]
[EventDate "2018.10.02"]
[EventType "team-swiss"]
[EventRounds "7"]
[EventCountry "GER"]
[SourceTitle "CBM 186 Extra"]
[Source "ChessBase"]
[SourceDate "2018.08.24"]
[SourceVersion "1"]
[SourceVersionDate "2018.08.24"]
[SourceQuality "1"]
[WhiteTeam "Wuerttemberg U20 II"]
[BlackTeam "Bayern U20 II"]
[WhiteTeamCountry "GER"]
[BlackTeamCountry "GER"]

1. e4 c6 2. d4 d5 3. exd5 cxd5 4. c4 Nf6 5. Nc3 g6 6. Qb3 Bg7 7. cxd5 0-0 8. g3 Nbd7 9. Bg2 Qb6 10. Nge2 Rd8 11. 0-0 Qxb3 12. axb3 Nb6 13. Ra5 Bf5 14. d6 Rxd6 15. Bxb7 Rb8 16. Bf3 Nc8 17. Bf4 Rxb3 18. Bxd6 Nxd6 19. Rxa7 Rxb2 20. Rxe7 Bd7 21. Ra1 Bf8 22. Re3 Nc4 23. Nd1 Rb4 24. Rc3 Nd2 25. Bg2 Nb3 26. Ra8 Nxd4 27. Nxd4 Rxd4 28. Ne3 Kg7 29. h4 Be6 30. Rc1 Rb4 31. Ra5 Rb6 32. Rc6 Rb1+ 33. Kh2 Rb2 34. Kg1 Rb1+ 35. Kh2 Rb2 36. Ra7 Kg8 37. Rc2 Ng4+ 38. Kg1 Rb1+ 39. Nf1 h5 40. Rac7 Bh6 41. Re2 Bg7 42. Be4 Ra1 43. Kg2 Kh7 44. Nd2 Nf6 45. Bf3 Ra4 46. Ne4 Nxe4 47. Bxe4 Rd4 48. f3 Bc4 49. Rc2 Be6 50. R7c5 Kg8 51. R5c3 Kh7 52. Rd3 Rb4 53. Rd6 Be5 54. Rdc6 Rd4 55. R6c5 Bb3 56. Re2 Bc4 57. Bxg6+ Kxg6 58. Rexe5 Rd2+ 59. Kg1 f6 60. Rxh5 Be6 61. g4 Re2 62. Rc6 Bd7 63. Rd6 Bc8 64. Ra5 Bb7 65. h5+ 1-0

[Event "GER-chT Lands U20"]
[Site "Hannover"]
[Date "2017.10.04"]
[Round "7.2"]
[White "Gremmel, Jonas Simon"]
[Black "Wendler, David"]
[Result "1/2-1/2"]
[WhiteElo "1910"]
[BlackElo "2122"]
[PlyCount "107"]
[EventDate "2017.09.29"]
[EventType "team-swiss"]
[EventRounds "7"]
[EventCountry "GER"]
[SourceTitle "EXT 2018"]
[Source "ChessBase"]
[SourceDate "2017.10.13"]
[SourceVersion "1"]
[SourceVersionDate "2017.10.13"]
[SourceQuality "1"]
[WhiteTeam "Hamburg U20"]
[BlackTeam "Wuerttemberg U20"]
[WhiteTeamCountry "GER"]
[BlackTeamCountry "GER"]

1. d4 Nf6 2. c4 c5 3. d5 b5 4. cxb5 a6 5. f3 axb5 6. e4 Qa5+ 7. b4 cxb4 8. Nd2 d6 9. Nb3 Qb6 10. Qd3 Nbd7 11. Be3 Qb8 12. Qd2 g6 13. Rc1 Bg7 14. Rc2 Ne5 15. Qxb4 0-0 16. Qxb5 Ba6 17. Qxb8 Rfxb8 18. Bxa6 Rxa6 19. Kd2 Rba8 20. Nc1 Ra4 21. Bg5 Nc4+ 22. Ke1 Nd7 23. Nge2 f6 24. Bd2 f5 25. exf5 gxf5 26. Bg5 Ndb6 27. Bxe7 Nxd5 28. Bg5 f4 29. g3 Nde3 30. Rxc4 Rxc4 31. Bxf4 Ng2+ 32. Kf2 Nxf4 33. Nxf4 Bh6 34. Rd1 Ra3 35. Nce2 Bxf4 36. gxf4 Rc6 37. Nd4 Rxa2+ 38. Kg3 Rc5 39. Ne6 Rc6 40. Rg1 Rcc2 41. f5 Rxh2 42. Kf4+ Kf7 43. Ng5+ Ke7 44. Rb1 Ra4+ 45. Kg3 Rh5 46. f4 Kf6 47. Rd1 h6 48. Rxd6+ Kxf5 49. Rd5+ Kg6 50. Rd6+ Kf5 51. Rd5+ Kg6 52. Rd6+ Kg7 53. Rd7+ Kf6 54. Nh7+ 1/2-1/2

[Event "GER-chT Lands U20"]
[Site "Hannover"]
[Date "2017.10.01"]
[Round "2.2"]
[White "Schmidek, Emil"]
[Black "Wendler, David"]
[Result "1-0"]
[WhiteElo "2315"]
[BlackElo "2122"]
[PlyCount "75"]
[EventDate "2017.09.29"]
[EventType "team-swiss"]
[EventRounds "7"]
[EventCountry "GER"]
[SourceTitle "EXT 2018"]
[Source "ChessBase"]
[SourceDate "2017.10.13"]
[SourceVersion "1"]
[SourceVersionDate "2017.10.13"]
[SourceQuality "1"]
[WhiteTeam "Berlin U20"]
[BlackTeam "Wuerttemberg U20"]
[WhiteTeamCountry "GER"]
[BlackTeamCountry "GER"]

1. e4 c5 2. Nf3 Nc6 3. d4 cxd4 4. Nxd4 Nf6 5. Nc3 e5 6. Ndb5 d6 7. Bg5 a6 8. Na3 b5 9. Bxf6 gxf6 10. Nd5 f5 11. g3 fxe4 12. Bg2 Be6 13. Bxe4 Bg7 14. Qh5 Rc8 15. c3 Ne7 16. Rd1 Rc5 17. Nb4 Qb6 18. Qg5 Kf8 19. Qe3 f5 20. Bg2 e4 21. Nac2 a5 22. Nd4 Bc4 23. Nbc2 Kf7 24. Bh3 Rf8 25. Bxf5 Ke8 26. Be6 Bd3 27. Bg4 Bf6 28. Qh6 Bxc2 29. Nxc2 Rxc3 30. Ne3 Rc5 31. Bh5+ Ng6 32. Qxh7 Rg5 33. Bxg6+ Kd8 34. 0-0 Qc6 35. Bxe4 Qc5 36. Rd5 Qb6 37. Qh6 Re5 38. Qxf8+ 1-0

[Event "Wuerttemberg-ch"]
[Site "Stuttgart"]
[Date "2017.09.03"]
[Round "9"]
[White "Neyman, Igor"]
[Black "Wendler, David"]
[Result "0-1"]
[WhiteElo "2323"]
[BlackElo "2056"]
[PlyCount "106"]
[EventDate "2017.08.26"]
[EventType "swiss"]
[EventRounds "9"]
[EventCountry "GER"]
[SourceTitle "CBM 180 Extra"]
[Source "ChessBase"]
[SourceDate "2017.10.06"]
[SourceVersion "1"]
[SourceVersionDate "2017.10.06"]
[SourceQuality "1"]

1. d4 Nf6 2. g3 g6 3. Bg2 Bg7 4. c4 0-0 5. Nc3 d6 6. Nf3 c5 7. d5 a6 8. a4 e6 9. 0-0 exd5 10. cxd5 Re8 11. Nd2 Nbd7 12. Rb1 b6 13. b3 Rb8 14. b4 cxb4 15. Rxb4 Nc5 16. Nc4 Ng4 17. Bd2 Ne5 18. Na3 Bg4 19. h3 Bf5 20. f4 a5 21. Rb5 Ned7 22. Kh2 Nf6 23. Be1 Re3 24. Nc4 Re7 25. Bf2 Bd7 26. Rb1 Nfe4 27. Nxe4 Bxa4 28. Qc1 Nxe4 29. Bxb6 Qe8 30. Bxa5 Rc8 31. Rf3 Bb5 32. Rb4 Bd4 33. Rfb3 Ba6 34. Qd1 Bxc4 35. Qxd4 Bxb3 36. Bxe4 Bc2 37. Bg2 Rxe2 38. Rb2 Re3 39. Rb7 Ba4 40. Bd2 Re2 41. Bc3 Rxc3 42. Qxc3 Qe4 43. Rb8+ Be8 44. Rxe8+ Qxe8 45. Qf3 Qe3 46. Qxe3 Rxe3 47. g4 Rd3 48. g5 Kg7 49. Bh1 h6 50. h4 f6 51. Bg2 hxg5 52. hxg5 fxg5 53. fxg5 Re3 0-1

[Event "GER-ch U16"]
[Site "Willingen"]
[Date "2017.06.09"]
[Round "8"]
[White "Kuznecovs, Nikita"]
[Black "Wendler, David"]
[Result "1/2-1/2"]
[WhiteElo "2030"]
[BlackElo "2088"]
[PlyCount "72"]
[EventDate "2017.06.04"]
[EventType "swiss"]
[EventRounds "9"]
[EventCountry "GER"]
[SourceTitle "CBM 178 Extra"]
[Source "ChessBase"]
[SourceDate "2017.06.22"]
[SourceVersion "1"]
[SourceVersionDate "2017.06.22"]
[SourceQuality "1"]

1. Nf3 c5 2. b3 Nc6 3. Bb2 Nf6 4. e3 e6 5. c4 g6 6. Be2 Bg7 7. 0-0 0-0 8. Nc3 b6 9. d4 cxd4 10. exd4 d5 11. Ne5 Bb7 12. Bf3 Ne4 13. cxd5 exd5 14. Nxc6 Bxc6 15. Rc1 Qd7 16. Re1 Rfe8 17. h4 f5 18. Rc2 Rac8 19. a4 Qe7 20. g3 Qb4 21. Qc1 Nxc3 22. Rxc3 Rxe1+ 23. Qxe1 Re8 24. Bxd5+ Kh8 25. Qxe8+ Bxe8 26. Rc8 Bxd4 27. Rxe8+ Kg7 28. Bxd4+ Qxd4 29. Bc4 Qd6 30. Re6 Qd7 31. Kg2 Qb7+ 32. Kg1 a6 33. Re5 h6 34. Rd5 Qc8 35. Rd6 Qc7 36. Rd5 a5 1/2-1/2

[Event "GER-ch U16"]
[Site "Willingen"]
[Date "2017.06.08"]
[Round "7"]
[White "Wendler, David"]
[Black "Lange, Jannis"]
[Result "1-0"]
[WhiteElo "2088"]
[BlackElo "1841"]
[PlyCount "117"]
[EventDate "2017.06.04"]
[EventType "swiss"]
[EventRounds "9"]
[EventCountry "GER"]
[SourceTitle "CBM 178 Extra"]
[Source "ChessBase"]
[SourceDate "2017.06.22"]
[SourceVersion "1"]
[SourceVersionDate "2017.06.22"]
[SourceQuality "1"]

1. c4 Nf6 2. g3 c6 3. Nf3 g6 4. b3 Bg7 5. Bb2 0-0 6. Bg2 d5 7. 0-0 Re8 8. d4 Ne4 9. Nc3 Bf5 10. Rc1 Nxc3 11. Bxc3 Be4 12. Qd2 Nd7 13. Rfd1 Nf6 14. Ne5 Bxg2 15. Kxg2 Ne4 16. Qf4 f6 17. Nf3 Nxc3 18. Rxc3 e5 19. Qc1 e4 20. Ng1 Bf8 21. e3 f5 22. Qb2 Qd6 23. Ne2 g5 24. Rh1 Be7 25. Rb1 h5 26. Rcc1 Kf7 27. Qc2 Rh8 28. cxd5 Qxd5 29. Qc4 Rac8 30. Nc3 Qe6 31. Na4 b6 32. Rc2 Kf6 33. Rbc1 Qd7 34. Qe2 Kg6 35. Nc3 Bf6 36. Rd1 Rhd8 37. Rcc1 Qe6 38. b4 Qd7 39. Qc4 Qd6 40. Qb3 Qd7 41. a4 Qf7 42. Qxf7+ Kxf7 43. Kf1 Rd7 44. Ke2 Ke7 45. Rd2 Rcd8 46. Na2 Rd6 47. Rdc2 Kd7 48. b5 cxb5 49. axb5 Ke7 50. Nb4 R8d7 51. Rc8 Rb7 52. R1c7+ Rd7 53. Rc6 Kf7 54. Kd2 Be7 55. Kc3 Bf6 56. Kc4 f4 57. Nd5 Bg7 58. gxf4 gxf4 59. Nxf4 1-0